Industry 5.0 And Data Economy/ (Record no. 211020)

MARC details
000 -LEADER
fixed length control field 00686nam a22002177a 4500
005 - DATE AND TIME OF LATEST TRANSACTION
control field 20250421111519.0
010 ## - LCCN (DPL NO)
LC control number ENG-144667
020 ## - INTERNATIONAL STANDARD BOOK NUMBER
International Standard Book Number 9788119670208
Terms of availability 425.00
035 ## - SYSTEM CONTROL NUMBER
System control number EN-128199
037 ## - SOURCE OF ACQUISITION
Source of stock number/acquisition DBAD
082 ## - DEWEY DECIMAL CLASSIFICATION NUMBER
Classification number 330.954
100 ## - MAIN ENTRY--PERSONAL NAME
Personal name Bhattacharyya, Anirban
245 ## - TITLE STATEMENT
Title Industry 5.0 And Data Economy/
Statement of responsibility, etc Anirban, Bhattacharyya, Cristina, Dolan
260 ## - PUBLICATION, DISTRIBUTION, ETC. (IMPRINT)
Place of publication, distribution, etc New Delhi
Name of publisher, distributor, etc Vitasta Publishing Pvt Ltd
Date of publication, distribution, etc 2024
270 ## - ADDRESS
Address 4348/4C, Ansari Road, Daryaganj
City New Delhi
Postal code 110002
300 ## - PHYSICAL DESCRIPTION
Extent 195 p.
Dimensions 19 cm.(hb)
490 ## - SERIES STATEMENT
Volume number/sequential designation vol 1
500 ## - GENERAL NOTE
General note Stories of vedanta monks
700 ## - ADDED ENTRY--PERSONAL NAME
Personal name Swami chetanananda
9 (RLIN) 76691
942 ## - ADDED ENTRY ELEMENTS (KOHA)
Source of classification or shelving scheme Dewey Decimal Classification
Item type English Books
Classification part 330.954
Call number suffix BHA
Holdings
Withdrawn status Lost status Not for loan Collection code Home library Current library Date acquired Source of acquisition Cost, normal purchase price Full call number Barcode Copy number Cost, replacement price Koha item type
      Non-fiction Patel Nagar Patel Nagar 21/04/2025 DBAD 425.00 330.954 BHA EN-128199 1 425.00 English Books

© Delhi Public Library
Hit Counter
free hit counter